Porovnávacia psychológia

Saved in:
Bibliographic Details
Main Author: Czako, Matej
Other Authors: Novacký, Martin
Format: Book
Language:Slovak
Published: Bratislava Slovenské pedagogické nakladateľstvo 1985
Tags: Add Tag
No Tags, Be the first to tag this record!

MARC

LEADER 00000nam a2200000 4500
001 c109913
005 20041019155145.3
041 0 |a slo 
044 |a SK 
245 1 0 |a Porovnávacia psychológia  |c Matej Czako, Martin Novacký 
264 1 |a Bratislava  |b Slovenské pedagogické nakladateľstvo  |c 1985 
300 |a 255 s. 
100 1 |a Czako, Matej 
700 1 |a Novacký, Martin